000 00752nam a22001817a 4500
005 20231108142028.0
010 _aHIN-126068
020 _a9789355323798
_c475.00
035 _aHN-98414
037 _bDBAD/PUB
082 _a954.53
100 _aसिंह,संजय
_958357
245 _aबिहार;
_bएक समग्र अध्ययन/
_cसंजय सिंह
260 _aतमिलनाडु ,
_bMcGraw Hill
_c2024
270 _aअंजना काम्प्लेक्स न.5/90ए , बट रोड , सत.थॉमस माउंट ,
_bचेन्नई
_e600016
300 _a458 पृ.
_b24सेमी.(अजिल्द)
942 _2ddc
_cHN
_h954.53
_mसिंहस
999 _c198466
_d198466